00585cam a22001934a 4500008004100000020002200041100002500063245009300088250001200181260004000193300003500233500002000268630002800288650002600316700002200342003000100364005001700365040000900382  a0073517178 (pbk.)1 aBradley, Julia Case.10aAdvanced programming using Visual Basic 2005 /cJulia Case Bradley, Anita C. Millspaugh. a3rd ed. aBoston :bMcGraw-Hill/Irwin,c2007. axxii, 650 p. :bill. ;c28 cm. aIncludes index.00aMicrosoft Visual BASIC. 0aComputer programming.1 aMillspaugh, A. C.20230123125324.0 cNUST